000 00731pam a2200241 i 4500
001 1050
005 20231123150232.0
020 _a078073002030
040 _aDLC
_cDLC
_dDLC
_beng
050 0 0 _aPZ7.G4398
_bMi
082 0 0 _a813.5
100 1 _aGirion, Barbara
_d1937-
245 1 0 _aMisty and me /
_cBarbara Girion.
260 _aNew York :
_bScholastic,
_c1979
300 _a171 pages :
_c20 cm
_billustrations ;
505 _aN
520 _aEleven-year-old Kim finds that keeping a dog in secret is a very expensive and time-consuming proposition.
521 _a590
_bLexile
521 _aN
_bRaz-Plus
650 1 _aDogs
_xFiction.
906 _a7
_bcbc
_corignew
_d1
_eocip
_f19
_gy-gencatlg
942 _2ddc
_cBK
_n0
999 _c1050
_d1050